| 000 | 00351nam a2200133Ia 4500 | ||
|---|---|---|---|
| 008 | 220216s9999 xx 000 0 und d | ||
| 100 | _aCockbain E G | ||
| 245 | 0 | _aHeat-sensitization of natural rubber latex | |
| 260 |
_bRubber Developments _c1954 |
||
| 300 | _a66-71 | ||
| 650 | _aHeat-sensitization | ||
| 650 | _aNatural rubber latex | ||
| 942 | _cJS | ||
| 999 |
_c60264 _d60264 |
||